| 000 | 01393nam a2200373 a 4500 | ||
|---|---|---|---|
| 001 | 000108841 | ||
| 003 | CHAP | ||
| 005 | 20220329144026.0 | ||
| 008 | 140314s2013 mx sm |||||||spa d | ||
| 010 | _a105303 | ||
| 011 | _a106275 | ||
| 040 | _cCHAP | ||
| 090 | _aTesis | ||
| 100 | 0 | 0 |
_aFlores Rodríguez, Mercedes _941719 |
| 245 | 1 | 3 |
_aLa política del Procede en el ámbito social y económico de dos ejidos de la Huasteca Potosina _h[En línea] _cpor Mercedes Flores Rodríguez. |
| 260 |
_aChapingo, Méx. : _bEl autor, _c2013. |
||
| 500 | _aPara ver el contenido del material haga clic en la liga | ||
| 502 | _aTesis (M.C. en Desarrollo Rural Regional) -- UACH. Dirección de Centros Regionales | ||
| 590 |
_aBATCH-UPD _b05 _c20140314 _lUCH01 _h1143 |
||
| 590 |
_aBATCH-UPD _b10 _c20140324 _lUCH01 _h1536 |
||
| 590 |
_aBATCH-UPD _b10 _c20141002 _lUCH01 _h0858 |
||
| 590 |
_aE11695DGD _b10 _c20140324 _lUCH01 _h0903 |
||
| 590 |
_aE11695DGD _b10 _c20140324 _lUCH01 _h0904 |
||
| 590 |
_aE5765TAJ _b05 _c20140314 _lUCH01 _h1142 |
||
| 590 |
_aE5765TAJ _b05 _c20140314 _lUCH01 _h1145 |
||
| 650 | 1 | 4 |
_aComunidades rurales. _926254 |
| 650 | 1 | 4 |
_aEjidos _xSan Luis Potosí. _936028 |
| 650 | 1 | 4 |
_aProcede (Programa) _9125890 |
| 650 | 1 | 4 |
_aTenencia de la tierra. _9125889 |
| 856 |
_aFinding aid _uhttp://10.13.5.2/tesis/sist108841.pdf _zTeclea aquí |
||
| 901 | _aBK | ||
| 942 | _cTESIS | ||
| 942 | _n0 | ||
| 999 |
_c105303 _d105303 |
||